000 00326nam a2200133 i 4500
001 bg
100 1 _aMARCENKO, W. A.
245 0 _aSpektralnaja teorija operatorow Sturma-Ziuwillja /
_cW.A. Marcenko.
260 _aKiew,
_c1972.
040 _cBPK
041 _apol
942 _cKS
008 s pl f |000 0 pol
999 _c14736
_d14736
856 _uhttp://koha.tu.koszalin.pl/cgi-bin/koha/opac-detail.pl?biblionumber=14736
_yKatalog online BPK